00247nam a2200085Ia 4500008004100000041001200041100003000053245004100083260003700124231217s9999 xx 000 0 und d aEnglish aBureau of indian standard 0aI S M for IZOD impact test of metals c1989bBureau of Indian Standard,